Desempleo, políticas macroeconómicas y flexibilidad del mercado laboral. (Registro nro. 16582)

Detalles MARC
000 -LEADER
fixed length control field 00393 a2200121 4500
001 - CONTROL NUMBER
control field ART_3651
005 - DATE AND TIME OF LATEST TRANSACTION
control field 20260410161717.0
008 - FIXED-LENGTH DATA ELEMENTS--GENERAL INFORMATION
fixed length control field 260409a
100 1# - MAIN ENTRY--PERSONAL NAME
Personal name Frenkel, Roberto
245 10 - TITLE STATEMENT
Title Desempleo, políticas macroeconómicas y flexibilidad del mercado laboral.
700 1# - ADDED ENTRY--PERSONAL NAME
Personal name Ros, Jaime
773 0# - HOST ITEM ENTRY
Title Desarrollo económico
Related parts - Vol. 44, Nº 173 (abr./jun. 2004)
Record control number REV1174

No hay ítems disponibles.